000 00616nam a2200169Ia 4500
003 IN-BaIIA
008 211028s9999 xx s 000 0 eng d
020 _a9780819472762 (Print)
040 _cIIA Library
100 _aYin, Shizhuo, ed.
_932068
245 0 _aPhotonic Fiber and Crystal Devices: Advances in Materials and Innovations in Device Applications II
_h[eBook]
260 _aWashington, USA
_bSPIE
_c2008
300 _aOnline resource
490 _aProceedings of SPIE; V. 7056
856 _uhttps://www.spiedigitallibrary.org/conference-proceedings-of-spie/7056
_yClick Here to Access eBook
942 _cEB
999 _c30887
_d30887